| 000 | 00974nam a2200313 a 4500 | ||
|---|---|---|---|
| 003 | AR-BaBNM | ||
| 005 | 20251128210841.0 | ||
| 008 | 082120s2002 ||||||||||||||000 | spa|| | ||
| 020 | _a950-503-284-6 | ||
| 040 | _cAR-BaBNM | ||
| 100 | 1 | _aKaufman, Rosa | |
| 245 | 0 | 0 |
_aDel procesador [a] la web _bpropuestas didácticas para la escuela |
| 250 | _a1ª ed. | ||
| 260 |
_aBuenos Aires _bMarymar _c1998 |
||
| 300 |
_a256 p. _bil., tablas, gráfs. |
||
| 490 | 0 | _aEl maestro en su acción cotidiana. Desarrollos curriculares | |
| 500 | _aContiene referencias bibliográficas | ||
| 650 | 4 | _aENSEÑANZA POR COMPUTADORA | |
| 650 | 4 | _aPROGRAMAS INFORMATICOS | |
| 650 | 4 | _aENSEÑANZA DE LA INFORMATICA | |
| 650 | 4 | _aPERFECCIONAMIENTO DEL DOCENTE | |
| 650 | 4 | _aACTIVIDADES DE APRENDIZAJE | |
| 653 | _aESTRATEGIAS DIDACTICAS | ||
| 653 | _aINTERNET | ||
| 800 | 1 |
_aGabba, Pablo J. _efundador |
|
| 800 | 1 |
_aRatto, Jorge A. _edirector |
|
| 942 | _cBK | ||
| 998 | _cRAQUEL | ||
| 999 |
_c17177 _d17177 |
||